000 00765nam a22002177a 4500
005 20251108164716.0
008 250721s2005 xx 000 0 ara d
020 _a995345082x
082 1 4 _aم/216.1/سعد
100 1 _aسعد، حسين
245 1 0 _aالأصولية الإسلامية العربية المعاصرة بين النص الثابت و الواقع المتغير /
264 1 _aبيروت :
_bمركز دراسات الوحدة العربية،
_c2005.
300 _a527ص.
490 0 _aمركز دراسات الوحدة العربية
650 1 7 _aالاسلام
650 1 7 _aالسياسة
650 1 7 _aالاصولية الاسلامية
650 1 7 _aالحركات الاسلامية
942 _2ddc
_cBK
999 _c12382
_d12382